00752nam a22002417a 4500999001300000003000900013008004100022020001500063040007100078082001900149100002000168245003700188260002700225300004400252505010100296650001300397650001800410650001400428650001700442650001400459942001600473945002100489  c209d209AR-CdUCM190222b           ||||| |||| 00| 0 spa d  a8470760335  aMUNICIPALIDAD PROVINCIAL DEL CUSCOcBIBLIOTECA MUNICIPAL DEL CUSCO  a808.8 /bSA164  aSalgari, Emilio  aUn Drama en el Oceano Pacifico /  aMadrid :bGahe,c1975.  a182 paginas ;b8 Ilustraciones.c20 cm.  aAsesinato misterioso -- El naufrago -- La isla de Santa Cruz -- Los escollos -- La gran marea...  aMar9935  aNaufrago9936  aPopa9937  aCapitan9938  aOlas9939  2ddccLIBROS  awntsd2019-02-22